Metodología de cálculo para el diseño de sistemas de ductos y tuberías en proyectos de climatización industriales y centros comerciales

El trabajo presenta un manual para el cálculo del diseño de tuberías y ductos en aires acondicionados. Esta metodología se podrá ocupar en residencias, centros comerciales, edificios industriales, en la conducción del aire en cuartos fríos, etc. Todo en una sola fuente de información en dond...

Full description

Bibliographic Details
Main Author: López Román, Sergio Daniel
Other Authors: Tutor: García, Mario de Jesús
Format: Tesis Section = Libro
Language:Undetermined
Spanish
Published: Managua UNI 2022
Subjects:
LEADER 01229nam a2200253Ia 4500
008 240830s9999 xx 000 0 und d
040 |a BIBLIOTECA-RUPAP/ Mon 697 L864 
041 |a spa 
082 |a Mon 697 L864 
100 1 |a López Román, Sergio Daniel 
245 1 0 |a Metodología de cálculo para el diseño de sistemas de ductos y tuberías en proyectos de climatización industriales y centros comerciales 
260 |a Managua  |b UNI  |c 2022 
300 |a 107 p. :il. 
500 |a Contiene: anexos y CD. 
502 |a Tesis (Ingeniero Mecánico) - UNI, 2022. 
520 3 |a El trabajo presenta un manual para el cálculo del diseño de tuberías y ductos en aires acondicionados. Esta metodología se podrá ocupar en residencias, centros comerciales, edificios industriales, en la conducción del aire en cuartos fríos, etc. Todo en una sola fuente de información en donde se abarca el estudio, análisis, cálculo, selección e instalación de tuberías de ductos. 
650 7 |a AIRE ACONDICIONADO 
650 7 |b TUBERIAS 
650 7 |c CLIMATIZACION INDUSTRIAL 
650 7 |d CLIMATIZACION INDUSTRIAL 
700 1 |a Tutor:  |b García, Mario de Jesús 
942 |c BK  |2 ddc 
991 |a Tesis 
999 |c 27611